000 01256nam a22002657a 4500
005 20251211090317.0
008 s2545 th tha d
020 _a9749078934
040 _aNALT
041 _atha
100 0 _aพีรพันธุ์ เปรมภูติ
_959643
245 1 0 _aคู่มือพนักงานสืบสวนสอบสวนอาชญากรรมทางการเงิน
246 _aFinancial crime investigator's handbook
260 3 _aกรุงเทพฯ :
_bสำนักงานป้องกันและปราบปรามการฟอกเงิน,
_c2545
300 _a115 หน้า ;
_b 25 ซม.
650 0 4 _aการฟอกเงิน
_9434
650 0 4 _aการฟอกเงิน -- กฎหมายและระเบียบข้อบังคับ
650 0 4 _aคดีฟอกเงิน -- การสืบสวน
650 0 4 _aความผิดฐานฟอกเงิน
650 0 4 _aพนักงานสอบสวน -- คู่มือ
850 _aNALT
942 _cLB
_2lcc
_02
999 _c18874
_d18874
998 _j111
_k นางสาวพจพิณ พรมเอี่ยม
090 _aKJ53 พ793ค 2545